Statistics for Countries Inside Triangles

Click here to take the quiz!

General Stats

  • This quiz has been taken 344 times
  • The average score is 13 of 15

Answer Stats

HintCountry% Correct
Islamabad, Dhaka, ColomboIndia
93%
Geneva, Zagreb, FlorenceItaly
91%
Tunis, Tirana, MunichItaly
91%
Corsica, Madrid, AmsterdamFrance
89%
Zurich, Luxembourg, BerlinGermany
88%
Cairo, Benghazi, GazaEgypt
87%
Prague, Budapest, MilanAustria
86%
Reykjavik, Oslo, MadridUnited Kingdom
86%
Baghdad, Persian Gulf, KabulIran
84%
Quito, La Paz, GhanaBrazil
82%
Budapest, Minsk, BerlinPoland
81%
Istanbul, Odessa, AnkaraTurkey
81%
Rio de Janeiro, Lima, Cape HornArgentina
79%
Tashkent, Lake Baikal, Sea of AzovKazakhstan
65%
Durban, Zanzibar, PerthMadagascar
65%

Score Distribution

Percentile by Number Answered

Percent of People with Each Score

Your Score History

You have not taken this quiz